| 000 | 01157cam a2200253 a 4500 | ||
|---|---|---|---|
| 001 | 3822479 | ||
| 003 | Ke-BoTe | ||
| 005 | 20220525150859.0 | ||
| 008 | 860519s1983 ke a 000 0 eng | ||
| 010 | _a 85980980 | ||
| 040 |
_aDLC _cDLC _dDLC |
||
| 043 | _afe----- | ||
| 050 | 0 | 0 |
_aRA440.6 _b.C634 1983 |
| 245 | 0 | 0 |
_aContinuing education for health workers : _bplanning district programmes / _cAMREF Training Department ; illustrated by Jesse Kagimba. |
| 260 |
_aNairobi, Kenya : _bAfrican Medical and Research Foundation, _c1983. |
||
| 300 |
_aviii, 237 p. : _bill. ; _c21 cm. |
||
| 650 | 0 |
_aPublic health _xStudy and teaching (Continuing) _xPlanning _xHandbooks, manuals, etc. _96823 |
|
| 650 | 0 |
_aCommunity health aides _xTraining of _xHandbooks, manuals, etc. _96824 |
|
| 650 | 0 |
_aPublic health _xStudy and teaching (Continuing education) _zAfrica, East _xPlanning _xHandbooks, manuals, etc. _96825 |
|
| 650 | 0 |
_aCommunity health aides _xTraining of _zAfrica, East _xHandbooks, manuals, etc. _96826 |
|
| 710 | 2 |
_aAfrican Medical and Research Foundation. _bTraining Department. _95802 |
|
| 906 |
_a7 _bcbc _corignew _d3 _encip _f19 _gy-gencatlg |
||
| 942 |
_2lcc _cBK _n0 |
||
| 999 |
_c3243 _d3243 |
||